00748nam a2200241Ia 450000100060000000300090000600800410001504000130005604000130006904100120008210000170009410000290011124500610014024500460020125000110024726000150025826000320027326000490030530000570035450000390041165000250045065000310047560114IT-RoPAU130308s9999 xx 000 0 und d aIT-RoPAU cIT-RoPAU aINGLESE aMorgan Janet gCodice Aut. SPICS: 21208 aBbc and the Concept of Public Service Broadcasting (The) bBbc And Public Service broadcasting (The) a1a ed. aMANCHESTER bManchester University Press c1986 [1° Ed.:1986 - Ed.Ling.Originale:1986] a"10 p. (prefazione: no ; testo: 10 [pagine: 22-31])" aBbc e Pubblico Servizio Televisivo aINDUSTRIA TELEVISIVA eCodice materia Spics: 6956